000 00923nam a2200253 i 4500
001 130735
003 ES-MaACL
005 20250709063216.0
007 t|
008 070807s1881 fr ||||1| fre d
080 _a792(091)(44)
080 _a929 Deburau, Jean-Gaspard:792
080 _a792:929 Deburau, Jean-Gaspard
100 1 _aJanin, Jules Gabriel,
_d1804-1874
_966026
245 1 0 _aDeburau
_b: histoire du théatre a quatre sous, pour faire suite a l'histoire du théatre-français /
_cJules Janin ; avec une préface par Arsène Houssaye.
260 _aParis :
_bLibrairie des Bibliophiles,
_c1881.
300 _a210 p. ;
_c19 cm.
500 _aBiblioteca Jacinto Martínez Lacalle.
600 1 4 _aDeburau, Jean-Gaspard.
_9146342
650 4 _aTeatro-
_zFrancia-
_vHistoria.
_9148680
700 1 _aHoussaye, Arsène.
_964354
852 _aES-MaACL
_jE-11915
_bR.139841
999 _c130735
_d130735